| 000 | 00581nam a2200205 4500 | ||
|---|---|---|---|
| 003 | OSt | ||
| 005 | 20150413183442.0 | ||
| 008 | 150413b xxu||||| |||| 00| 0 eng d | ||
| 020 | _a0070990093 | ||
| 040 | _c040a | ||
| 082 |
_a515 _bSPI 1974 |
||
| 100 |
_aSpiegel, Murray R _93744 |
||
| 245 |
_aVector analysis : _band an introduction to tensor analysis / _cMurray R Spiegel |
||
| 260 |
_aNew York _bMcGraw-Hill _c1974 |
||
| 300 |
_aiii, 225p ; _bill : _c12cm. |
||
| 440 |
_aSchaum's outline series _9721 |
||
| 504 | _aincludes index | ||
| 650 |
_aVectors _9754 |
||
| 942 |
_2ddc _cSLOAN |
||
| 999 |
_c1418 _d1418 |
||